000 00716nam a2200253 a 4500
001 37146
003 BD-RjUL
005 20211209052601.0
008 141019s1996 iaua 001 0 eng
020 _a0697212483
035 _a(BD-RjUL)37248
040 _aDLC
_cDLC
_beng
_dBD-RjUL
041 _aeng
082 0 0 _a575.10724
_220
_bALD 1996
100 1 _aAlcamo, I. Edward.
_9113592
245 1 0 _aDNA technology: the awesome skill /
_cI. Edward Alcamo.
260 _aDubuque, IA :
_bWm. C. Brown Publishers,
_cc1996.
300 _axi, 304 p. :
_bill. ;
_c29 cm.
500 _aIncludes index.
650 0 _aGenetic engineering.
_9113593
942 _2ddc
_cBK
999 _c37146
_d37146